[Event "XXII. DBMM Schach"]
[Site "Dresden"]
[Date "2024.01.19"]
[Round "4.3"]
[Board "3"]
[White "Knobloch, Sarah Astrid"]
[Black "Ockert, Ralph"]
[Result "0-1"]
[WhiteElo "1200"]
[BlackElo "1200"]
[Annotator "br"]
[PlyCount "60"]
[GameId "489223825381"]
[EventDate "2024.01.18"]
[EventType "team-swiss"]
[EventRounds "7"]
[EventCountry "GER"]
[Tiebreak "Buchholz"]
[SourceTitle "XXII. DBMM Schach"]
[Source "FV Schach e.V."]
[SourceDate "2024.01.21"]
[SourceVersion "1"]
[SourceVersionDate "2024.01.21"]
[SourceQuality "1"]
[WhiteTeam "BSG Commerzbank Frankfurt II"]
[BlackTeam "DZ Bank Frankfurt II"]
[WhiteTeamCountry "GER"]
[BlackTeamCountry "GER"]

1. d4 d5 2. Bf4 e6 3. Nf3 c5 4. e3 Nf6 5. c3 cxd4 6. exd4 a6 7. Bd3 Be7 8. Nbd2 O-O 9. Ne5 Nbd7 10. h4 Nxe5 11. dxe5 Nd7 12. Qg4 f5 13. Qh5 Qe8 14. Be2 Qxh5 15. Bxh5 Nc5 16. Ke2 Bd7 17. Rh3 Bb5+ 18. Ke1 Nd3+ 19. Rxd3 Bxd3 20. Nf3 g6 21. Bxg6 hxg6 22. Kd2 Bb5 23. Rh1 Kf7 24. h5 gxh5 25. Rxh5 Rh8 26. Ng5+ Bxg5 27. Rxg5 Rag8 28. g3 Rxg5 29. Bxg5 Rh2 30. Be3 Rh1 0-1

[Event "XXII. DBMM Schach"]
[Site "Dresden"]
[Date "2024.01.19"]
[Round "4.4"]
[Board "4"]
[White "Kulp, Thomas"]
[Black "Machine, Kevin"]
[Result "1-0"]
[WhiteElo "1200"]
[BlackElo "1000"]
[Annotator "br"]
[PlyCount "67"]
[GameId "489223825382"]
[EventDate "2024.01.18"]
[EventType "team-swiss"]
[EventRounds "7"]
[EventCountry "GER"]
[Tiebreak "Buchholz"]
[SourceTitle "XXII. DBMM Schach"]
[Source "FV Schach e.V."]
[SourceDate "2024.01.21"]
[SourceVersion "1"]
[SourceVersionDate "2024.01.21"]
[SourceQuality "1"]
[WhiteTeam "DZ Bank Frankfurt II"]
[BlackTeam "BSG Commerzbank Frankfurt II"]
[WhiteTeamCountry "GER"]
[BlackTeamCountry "GER"]

1. e4 d5 2. exd5 Nf6 3. Nf3 Bg4 4. Be2 Nbd7 5. c4 e5 6. dxe6 fxe6 7. d4 Bb4+ 8. Bd2 Bd6 9. c5 Be7 10. Nc3 b6 11. c6 Nb8 12. Qa4 Qd6 13. Ne5 Bxe2 14. Nxe2 Ne4 15. Bc3 O-O 16. O-O Bh4 17. f4 Rf6 18. g3 Bg5 19. fxg5 Nxg5 20. Rxf6 gxf6 21. Ng4 Nh3+ 22. Kf1 Qd5 23. Nxf6+ Kg7 24. Nxd5 exd5 25. Nf4 Ng5 26. Nxd5 Kf7 27. Nxc7 Ne4 28. Nxa8 Nxc3 29. bxc3 a5 30. c7 Nd7 31. c8=Q Ke7 32. Re1+ Kd6 33. Qc7+ Kd5 34. Qac4# 1-0

[Event "XXII. DBMM Schach"]
[Site "Dresden"]
[Date "2024.01.19"]
[Round "4.1"]
[Board "1"]
[White "Spory, Rayk"]
[Black "Ogrodnik, Emil"]
[Result "1/2-1/2"]
[WhiteElo "1722"]
[BlackElo "1500"]
[Annotator "br"]
[PlyCount "60"]
[GameId "489223825383"]
[EventDate "2024.01.18"]
[EventType "team-swiss"]
[EventRounds "7"]
[EventCountry "GER"]
[Tiebreak "Buchholz"]
[SourceTitle "XXII. DBMM Schach"]
[Source "FV Schach e.V."]
[SourceDate "2024.01.21"]
[SourceVersion "1"]
[SourceVersionDate "2024.01.21"]
[SourceQuality "1"]
[WhiteTeam "Berliner Volksbank"]
[BlackTeam "d-fine Frankfurt III"]
[WhiteTeamCountry "GER"]
[BlackTeamCountry "GER"]

1. e4 c5 2. Nf3 Nc6 3. Bb5 a6 4. Bxc6 bxc6 5. O-O g6 6. d4 Bg7 7. dxc5 Qa5 8. c3 Qxc5 9. Be3 Qb5 10. Nd4 Qb7 11. Nb3 d6 12. N1d2 Nf6 13. Qc2 O-O 14. Nc4 Nd7 15. Bd4 Qc7 16. Bxg7 Kxg7 17. Qe2 Ne5 18. Nxe5 dxe5 19. Rfd1 Be6 20. Nc5 Qc8 21. Rd2 f6 22. Rad1 Re8 23. Rd8 Bg4 24. Rxc8 Bxe2 25. Rxa8 Rxa8 26. Rd7 Kf7 27. g3 Bf3 28. Rd3 Bg4 29. f3 Be6 30. Nxe6 Kxe6 1/2-1/2

[Event "XXII. DBMM Schach"]
[Site "Dresden"]
[Date "2024.01.19"]
[Round "4.2"]
[Board "2"]
[White "Harden, Markus"]
[Black "Boettger, Bernd"]
[Result "1/2-1/2"]
[WhiteElo "1500"]
[BlackElo "1583"]
[Annotator "br"]
[PlyCount "101"]
[GameId "489223825384"]
[EventDate "2024.01.18"]
[EventType "team-swiss"]
[EventRounds "7"]
[EventCountry "GER"]
[Tiebreak "Buchholz"]
[SourceTitle "XXII. DBMM Schach"]
[Source "FV Schach e.V."]
[SourceDate "2024.01.21"]
[SourceVersion "1"]
[SourceVersionDate "2024.01.21"]
[SourceQuality "1"]
[WhiteTeam "d-fine Frankfurt III"]
[BlackTeam "Berliner Volksbank"]
[WhiteTeamCountry "GER"]
[BlackTeamCountry "GER"]

1. e4 d5 2. exd5 Nf6 3. Nf3 Nxd5 4. d4 Bf5 5. Bc4 e6 6. O-O Be7 7. c3 O-O 8. Qb3 Nb6 9. Nbd2 Nc6 10. Re1 Na5 11. Qb5 Naxc4 12. Nxc4 Bd3 13. Nfe5 Bxc4 14. Nxc4 a6 15. Qb3 Nxc4 16. Qxc4 b5 17. Qc6 Qd6 18. Qe4 Bf6 19. Bf4 Qb6 20. Be5 Bxe5 21. Qxe5 Rad8 22. Re3 Rd5 23. Qe4 c5 24. dxc5 Qxc5 25. b4 Qd6 26. Rae1 Rd8 27. h4 Rd1 28. Rxd1 Qxd1+ 29. Kh2 h6 30. Qb7 Qd6+ 31. g3 Rb8 32. Qe4 Rd8 33. Kg2 Qd5 34. Qxd5 Rxd5 35. Re2 Kf8 36. Rc2 Ke7 37. c4 bxc4 38. Rxc4 Kd7 39. Kf3 Rd2 40. a4 Ra2 41. b5 axb5 42. axb5 Rb2 43. Ra4 Rxb5 44. Ra7+ Ke8 45. g4 Rb3+ 46. Kf4 Rb4+ 47. Kg3 Rb3+ 48. f3 Rb1 49. h5 Rd1 50. f4 Rd7 51. Ra8+ 1/2-1/2

[Event "XXII. DBMM Schach"]
[Site "Dresden"]
[Date "2024.01.19"]
[Round "4.3"]
[Board "3"]
[White "Von Schoening, Ulrich"]
[Black "Breitsamter, Lorenz"]
[Result "1-0"]
[WhiteElo "1550"]
[BlackElo "1500"]
[Annotator "br"]
[PlyCount "71"]
[GameId "489223825409"]
[EventDate "2024.01.18"]
[EventType "team-swiss"]
[EventRounds "7"]
[EventCountry "GER"]
[Tiebreak "Buchholz"]
[SourceTitle "XXII. DBMM Schach"]
[Source "FV Schach e.V."]
[SourceDate "2024.01.21"]
[SourceVersion "1"]
[SourceVersionDate "2024.01.21"]
[SourceQuality "1"]
[WhiteTeam "Berliner Volksbank"]
[BlackTeam "d-fine Frankfurt III"]
[WhiteTeamCountry "GER"]
[BlackTeamCountry "GER"]

1. c4 e5 2. Nc3 Nc6 3. g3 Bb4 4. Bg2 Nge7 5. Nf3 Bxc3 6. dxc3 O-O 7. O-O Rb8 8. e4 d6 9. Be3 b6 10. b4 f6 11. Qd3 Be6 12. Nd2 a5 13. b5 Na7 14. f4 exf4 15. Bxf4 Qd7 16. Rf2 Ng6 17. Raf1 Nc8 18. e5 dxe5 19. Qxd7 Bxd7 20. Bd5+ Kh8 21. Be3 Nce7 22. Bg2 Rfd8 23. h4 Nf8 24. Ne4 Be6 25. c5 Nd5 26. Bd2 bxc5 27. Nxc5 Nb6 28. Nxe6 Nxe6 29. Bc6 a4 30. g4 h6 31. g5 fxg5 32. hxg5 Rxd2 33. Rxd2 Nxg5 34. Kg2 Kg8 35. c4 Nxc4 36. Bd5+ 1-0

[Event "XXII. DBMM Schach"]
[Site "Dresden"]
[Date "2024.01.19"]
[Round "4.4"]
[Board "4"]
[White "Wollscheid, Nikolaus"]
[Black "Barnes, David"]
[Result "1-0"]
[WhiteElo "1200"]
[BlackElo "1377"]
[Annotator "br"]
[PlyCount "81"]
[GameId "489223825410"]
[EventDate "2024.01.18"]
[EventType "team-swiss"]
[EventRounds "7"]
[EventCountry "GER"]
[Tiebreak "Buchholz"]
[SourceTitle "XXII. DBMM Schach"]
[Source "FV Schach e.V."]
[SourceDate "2024.01.21"]
[SourceVersion "1"]
[SourceVersionDate "2024.01.21"]
[SourceQuality "1"]
[WhiteTeam "d-fine Frankfurt III"]
[BlackTeam "Berliner Volksbank"]
[WhiteTeamCountry "GER"]
[BlackTeamCountry "GER"]

1. d4 d6 2. Bf4 Nf6 3. Nd2 c6 4. Ngf3 Bg4 5. e3 Qb6 6. b3 Nbd7 7. Be2 Nd5 8. Nc4 Qb4+ 9. Nfd2 Nc3 10. a3 Qb5 11. Bxg4 Nxd1 12. Bxd7+ Kxd7 13. Rxd1 Qd5 14. O-O g5 15. e4 Qxd4 16. Nf3 Qg7 17. Bc1 g4 18. Bb2 f6 19. Nd4 Qg6 20. Nf5 b5 21. Nce3 e6 22. Nh4 Qg5 23. g3 Be7 24. Rd3 a5 25. f4 Qh5 26. f5 e5 27. c4 Rad8 28. cxb5 cxb5 29. Rc1 Rc8 30. Rd5 Rxc1+ 31. Bxc1 Kc6 32. a4 Rb8 33. Bd2 Bd8 34. Nhg2 bxa4 35. bxa4 Ra8 36. Nc4 Bb6+ 37. Nge3 Bxe3+ 38. Nxe3 Qg5 39. Nc4 h5 40. Bxg5 fxg5 41. Nxa5+ 1-0

[Event "XXII. DBMM Schach"]
[Site "Dresden"]
[Date "2024.01.20"]
[Round "5.1"]
[Board "1"]
[White "Meinhardt, Maximilian"]
[Black "Thiede, Lars"]
[Result "1/2-1/2"]
[WhiteElo "2366"]
[BlackElo "2420"]
[Annotator "br"]
[PlyCount "29"]
[GameId "489223827964"]
[EventDate "2024.01.18"]
[EventType "team-swiss"]
[EventRounds "7"]
[EventCountry "GER"]
[Tiebreak "Buchholz"]
[SourceTitle "XXII. DBMM Schach"]
[Source "FV Schach e.V."]
[SourceDate "2024.01.21"]
[SourceVersion "1"]
[SourceVersionDate "2024.01.21"]
[SourceQuality "1"]
[WhiteTeam "d-fine Frankfurt"]
[BlackTeam "BA Tempelhof Berlin"]
[WhiteTeamCountry "GER"]
[BlackTeamCountry "GER"]

1. e4 d6 2. d4 Nf6 3. Nc3 e5 4. Nf3 exd4 5. Nxd4 Be7 6. Bf4 O-O 7. Be2 Re8 8. Qd2 Bf8 9. f3 Nc6 10. O-O-O Nxd4 11. Qxd4 Be6 12. Bg5 Be7 13. Qd2 a6 14. g4 b5 15. h4 1/2-1/2

[Event "XXII. DBMM Schach"]
[Site "Dresden"]
[Date "2024.01.20"]
[Round "5.2"]
[Board "2"]
[White "Kalinitschew, Sergej"]
[Black "Hellwig, Tobias"]
[Result "1-0"]
[WhiteElo "2391"]
[BlackElo "2180"]
[Annotator "br"]
[PlyCount "124"]
[GameId "489223827979"]
[EventDate "2024.01.18"]
[EventType "team-swiss"]
[EventRounds "7"]
[EventCountry "GER"]
[Tiebreak "Buchholz"]
[SourceTitle "XXII. DBMM Schach"]
[Source "FV Schach e.V."]
[SourceDate "2024.01.21"]
[SourceVersion "1"]
[SourceVersionDate "2024.01.21"]
[SourceQuality "1"]
[WhiteTeam "BA Tempelhof Berlin"]
[BlackTeam "d-fine Frankfurt"]
[WhiteTeamCountry "GER"]
[BlackTeamCountry "GER"]

1. c4 Nf6 2. Nc3 c6 3. e4 e5 4. Nf3 d6 5. d4 Qc7 6. Be2 Bg4 7. Be3 Nbd7 8. O-O Be7 9. Rc1 O-O 10. Nh4 Bxe2 11. Qxe2 Rfe8 12. Nf5 Bf8 13. f3 g6 14. Ng3 Bg7 15. Rfd1 Rad8 16. Qf2 b6 17. Nge2 h5 18. Bg5 Nf8 19. Qh4 Qe7 20. d5 c5 21. Qh3 N8h7 22. Be3 Qd7 23. Qh4 a5 24. Nb5 Qe7 25. Qh3 Qf8 26. Qg3 Bh6 27. Qf2 Bxe3 28. Qxe3 Qe7 29. Qh6 Kh8 30. Rc3 Ng8 31. Qe3 Qg5 32. Qxg5 Nxg5 33. h4 Nh7 34. Na7 Rd7 35. Nc6 Ne7 36. Rb3 Nc8 37. Ng3 Rf8 38. Rf1 Nf6 39. Rf2 Kg7 40. Kf1 Re8 41. Ke1 Ng8 42. Kd1 Nge7 43. Nxe7 Rdxe7 44. Ke2 Kh6 45. f4 exf4 46. Rxf4 Kg7 47. Rbf3 Na7 48. Rf6 Rd7 49. a4 Nc8 50. Kd3 Re5 51. Nf1 Rde7 52. Nd2 g5 53. g3 Rd7 54. Nb1 Rde7 55. Nc3 Rb7 56. Ke3 Rc7 57. Kf2 Rce7 58. Kg2 Rd7 59. Kh2 Rb7 60. Kh3 Rd7 61. hxg5 Rxg5 62. R6f4 Re7 {Rest unleserlich.} 1-0

[Event "XXII. DBMM Schach"]
[Site "Dresden"]
[Date "2024.01.20"]
[Round "5.3"]
[Board "3"]
[White "Sundorf, Jannik"]
[Black "Mueller, Mark"]
[Result "1-0"]
[WhiteElo "2179"]
[BlackElo "2059"]
[Annotator "br"]
[PlyCount "123"]
[GameId "489223827980"]
[EventDate "2024.01.18"]
[EventType "team-swiss"]
[EventRounds "7"]
[EventCountry "GER"]
[Tiebreak "Buchholz"]
[SourceTitle "XXII. DBMM Schach"]
[Source "FV Schach e.V."]
[SourceDate "2024.01.21"]
[SourceVersion "1"]
[SourceVersionDate "2024.01.21"]
[SourceQuality "1"]
[WhiteTeam "d-fine Frankfurt"]
[BlackTeam "BA Tempelhof Berlin"]
[WhiteTeamCountry "GER"]
[BlackTeamCountry "GER"]

1. d4 Nf6 2. c4 g6 3. Nc3 Bg7 4. g3 O-O 5. Bg2 d6 6. Nf3 Nc6 7. O-O a6 8. h3 Rb8 9. e4 b5 10. e5 Nd7 11. cxb5 axb5 12. Ng5 dxe5 13. Bxc6 exd4 14. Nxb5 Rb6 15. Nxd4 Bxd4 16. Qxd4 Rxc6 17. Be3 Nf6 18. Rfc1 Bb7 19. Rxc6 Bxc6 20. Qxd8 Rxd8 21. h4 h6 22. Nh3 Ng4 23. Bc5 e5 24. a4 Rd2 25. b4 Rc2 26. a5 Ba8 27. a6 f6 28. a7 Kf7 29. Kf1 g5 30. hxg5 hxg5 31. Ke1 e4 32. Kd1 Rc3 33. Kd2 Rf3 34. Ke2 Rb3 35. Rd1 Ke8 36. Ra1 Rb2+ 37. Ke1 Ne5 38. Kd1 Nd3 39. Bd4 Rxb4 40. Bxf6 g4 41. Ng5 Nxf2+ 42. Ke2 e3 43. Kxe3 Ne4 44. Nxe4 Rxe4+ 45. Kd2 Rb4 46. Bc3 Rb7 47. Ra3 c5 48. Be5 Kd7 49. Kc3 Kc6 50. Bb8 Rf7 51. Kc4 Kb6 52. Rb3+ Kc6 53. Re3 Rf5 54. Re6+ Kd7 55. Rd6+ Kc8 56. Rd1 Rg5 57. Bf4 Rg7 58. Ra1 Rg6 59. Rb1 Bb7 60. a8=Q+ Bxa8 61. Rb8+ Kd7 62. Rxa8 1-0

[Event "XXII. DBMM Schach"]
[Site "Dresden"]
[Date "2024.01.20"]
[Round "5.4"]
[Board "4"]
[White "Kettenburg, Stefan"]
[Black "Yalcin, Alparslan"]
[Result "0-1"]
[WhiteElo "2050"]
[BlackElo "2136"]
[Annotator "br"]
[PlyCount "138"]
[GameId "489223827981"]
[EventDate "2024.01.18"]
[EventType "team-swiss"]
[EventRounds "7"]
[EventCountry "GER"]
[Tiebreak "Buchholz"]
[SourceTitle "XXII. DBMM Schach"]
[Source "FV Schach e.V."]
[SourceDate "2024.01.21"]
[SourceVersion "1"]
[SourceVersionDate "2024.01.21"]
[SourceQuality "1"]
[WhiteTeam "BA Tempelhof Berlin"]
[BlackTeam "d-fine Frankfurt"]
[WhiteTeamCountry "GER"]
[BlackTeamCountry "GER"]

1. d4 d5 2. Nf3 Nf6 3. c4 e6 4. cxd5 exd5 5. Nc3 c6 6. Bg5 h6 7. Bh4 Bf5 8. e3 Bd6 9. Bd3 Bxd3 10. Qxd3 O-O 11. O-O Nbd7 12. Rfc1 Qe8 13. Nd2 Qe6 14. Bg3 Bxg3 15. hxg3 Rae8 16. b4 Ng4 17. b5 f5 18. bxc6 bxc6 19. Ne2 g5 20. Nf3 Ndf6 21. Ne5 Nxe5 22. dxe5 Qxe5 23. Nd4 Rc8 24. Qxf5 Qxf5 25. Nxf5 Kh7 26. Nd6 Rc7 27. Nb5 Rb7 28. Nd4 Ng4 29. Rc2 c5 30. Nb3 c4 31. Nd4 Rfb8 32. Kf1 Rb1+ 33. Rxb1 Rxb1+ 34. Ke2 Ne5 35. e4 dxe4 36. Ke3 Re1+ 37. Ne2 Ng4+ 38. Kxe4 Nxf2+ 39. Kf3 Nd3 40. g4 Ne5+ 41. Kf2 Rd1 42. Kg3 Rd3+ 43. Kf2 Nxg4+ 44. Ke1 Ne3 45. Rb2 Ra3 46. Nd4 Kg6 47. Re2 Rd3 48. Nc6 Rd1+ 49. Kf2 Ng4+ 50. Kf3 Rd3+ 51. Ke4 Rd6 52. Nxa7 Nf6+ 53. Kf3 Rd3+ 54. Re3 Rd2 55. Ra3 g4+ 56. Kf4 Rxg2 57. Nc6 Rf2+ 58. Kg3 Re2 59. Kf4 Re4+ 60. Kg3 Nh5+ 61. Kh2 g3+ 62. Kh3 Re2 63. Ra6 Kg5 64. Ra5+ Kf4 65. Rf5+ Kxf5 66. Nd4+ Kg5 67. Nxe2 Nf4+ 68. Nxf4 Kxf4 69. a4 c3 0-1

[Event "XXII. DBMM Schach"]
[Site "Dresden"]
[Date "2024.01.20"]
[Round "5.1"]
[Board "1"]
[White "Koscielski, Janusz"]
[Black "Hoffmann, Hendrik"]
[Result "1/2-1/2"]
[WhiteElo "2261"]
[BlackElo "2271"]
[Annotator "br"]
[PlyCount "20"]
[GameId "489223827982"]
[EventDate "2024.01.18"]
[EventType "team-swiss"]
[EventRounds "7"]
[EventCountry "GER"]
[Tiebreak "Buchholz"]
[SourceTitle "XXII. DBMM Schach"]
[Source "FV Schach e.V."]
[SourceDate "2024.01.21"]
[SourceVersion "1"]
[SourceVersionDate "2024.01.21"]
[SourceQuality "1"]
[WhiteTeam "fachpool gGmbH Herne"]
[BlackTeam "le-tex Leipzig"]
[WhiteTeamCountry "GER"]
[BlackTeamCountry "GER"]

1. e4 c6 2. d4 d5 3. Nc3 dxe4 4. Nxe4 g6 5. h3 Bg7 6. Nf3 Nf6 7. Nxf6+ Bxf6 8. c3 O-O 9. Bh6 Bg7 10. Bxg7 Kxg7 1/2-1/2

[Event "XXII. DBMM Schach"]
[Site "Dresden"]
[Date "2024.01.20"]
[Round "5.2"]
[Board "2"]
[White "Rohne, Lars"]
[Black "Hortolani, Sven Holger"]
[Result "0-1"]
[WhiteElo "2121"]
[BlackElo "2135"]
[Annotator "br"]
[PlyCount "80"]
[GameId "489223827983"]
[EventDate "2024.01.18"]
[EventType "team-swiss"]
[EventRounds "7"]
[EventCountry "GER"]
[Tiebreak "Buchholz"]
[SourceTitle "XXII. DBMM Schach"]
[Source "FV Schach e.V."]
[SourceDate "2024.01.21"]
[SourceVersion "1"]
[SourceVersionDate "2024.01.21"]
[SourceQuality "1"]
[WhiteTeam "le-tex Leipzig"]
[BlackTeam "fachpool gGmbH Herne"]
[WhiteTeamCountry "GER"]
[BlackTeamCountry "GER"]

1. e4 Nf6 2. e5 Nd5 3. d4 d6 4. Nf3 g6 5. c4 Nb6 6. exd6 cxd6 7. Nc3 Bg7 8. Be3 O-O 9. Be2 Nc6 10. Qd2 Bg4 11. b3 e5 12. d5 Bxf3 13. Bxf3 Nd4 14. Bh6 Bxh6 15. Qxh6 Nc2+ 16. Kd2 Nxa1 17. Ne4 f5 18. Ng5 Qe7 19. Rxa1 e4 20. Re1 Rae8 21. Bd1 Nd7 22. g4 Ne5 23. gxf5 Rxf5 24. Nxe4 Rxf2+ 25. Kc3 Rff8 26. Ng5 Rf5 27. Ne6 Rf6 28. Kc2 Rf2+ 29. Re2 Rxe2+ 30. Bxe2 Nf7 31. Qe3 Ng5 32. Bg4 Nxe6 33. Bxe6+ Kg7 34. Qxa7 Rf8 35. Qd4+ Kh6 36. Qb6 Qg5 37. h3 Rf3 38. Qa5 Rf2+ 39. Kd3 Qd2+ 40. Ke4 Rf4# 0-1

[Event "XXII. DBMM Schach"]
[Site "Dresden"]
[Date "2024.01.20"]
[Round "5.4"]
[Board "4"]
[White "Heinrich, Thomas"]
[Black "Selmanaj, Agim"]
[Result "1-0"]
[WhiteElo "2193"]
[BlackElo "1643"]
[Annotator "br"]
[PlyCount "39"]
[GameId "489223827985"]
[EventDate "2024.01.18"]
[EventType "team-swiss"]
[EventRounds "7"]
[EventCountry "GER"]
[Tiebreak "Buchholz"]
[SourceTitle "XXII. DBMM Schach"]
[Source "FV Schach e.V."]
[SourceDate "2024.01.21"]
[SourceVersion "1"]
[SourceVersionDate "2024.01.21"]
[SourceQuality "1"]
[WhiteTeam "le-tex Leipzig"]
[BlackTeam "fachpool gGmbH Herne"]
[WhiteTeamCountry "GER"]
[BlackTeamCountry "GER"]

1. d4 d5 2. Nf3 Nf6 3. Bf4 e6 4. e3 Be7 5. Nbd2 b6 6. c3 Ba6 7. Bxa6 Nxa6 8. Qa4+ Nd7 9. Qxa6 O-O 10. O-O c5 11. Qe2 Nf6 12. h3 c4 13. Ne5 Qe8 14. Bh2 h6 15. e4 b5 16. Ng4 Nh7 17. exd5 exd5 18. Rfe1 Bg5 19. Qxe8 Rfxe8 20. Nf3 1-0

[Event "XXII. DBMM Schach"]
[Site "Dresden"]
[Date "2024.01.20"]
[Round "5.1"]
[Board "1"]
[White "Lunnebach, Oliver"]
[Black "Schulz, Michael"]
[Result "1/2-1/2"]
[WhiteElo "2158"]
[BlackElo "2172"]
[Annotator "br"]
[PlyCount "70"]
[GameId "489223827986"]
[EventDate "2024.01.18"]
[EventType "team-swiss"]
[EventRounds "7"]
[EventCountry "GER"]
[Tiebreak "Buchholz"]
[SourceTitle "XXII. DBMM Schach"]
[Source "FV Schach e.V."]
[SourceDate "2024.01.21"]
[SourceVersion "1"]
[SourceVersionDate "2024.01.21"]
[SourceQuality "1"]
[WhiteTeam "Deutsche Post Bonn"]
[BlackTeam "SV Osram Berlin"]
[WhiteTeamCountry "GER"]
[BlackTeamCountry "GER"]

1. d4 Nf6 2. c4 c5 3. Nf3 cxd4 4. Nxd4 e5 5. Nb5 d5 6. cxd5 Bc5 7. e3 O-O 8. N5c3 e4 9. Be2 Qe7 10. a3 a5 11. Qb3 Nbd7 12. Na4 Bd6 13. Nbc3 Qe5 14. Bd2 Qg5 15. g3 Rd8 16. O-O-O Nc5 17. Nxc5 Bxc5 18. Qc4 Bd6 19. Nxe4 Nxe4 20. Qxe4 Bf5 21. Qa4 Qf6 22. Bc3 Be5 23. Bxe5 Qxe5 24. Bd3 Rxd5 25. Bxf5 Qxf5 26. e4 Rc8+ 27. Kb1 Rxd1+ 28. Rxd1 Qxf2 29. Qd4 Qc2+ 30. Ka2 h6 31. Rd2 Qc1 32. Rd1 Qc7 33. Qd5 g6 34. Rd4 Qb6 35. Qd7 Rc2 1/2-1/2

[Event "XXII. DBMM Schach"]
[Site "Dresden"]
[Date "2024.01.20"]
[Round "5.2"]
[Board "2"]
[White "Eisermann, Daniel"]
[Black "Gikas, Andreas Basilius"]
[Result "0-1"]
[WhiteElo "2014"]
[BlackElo "2123"]
[Annotator "br"]
[PlyCount "92"]
[GameId "489223827987"]
[EventDate "2024.01.18"]
[EventType "team-swiss"]
[EventRounds "7"]
[EventCountry "GER"]
[Tiebreak "Buchholz"]
[SourceTitle "XXII. DBMM Schach"]
[Source "FV Schach e.V."]
[SourceDate "2024.01.21"]
[SourceVersion "1"]
[SourceVersionDate "2024.01.21"]
[SourceQuality "1"]
[WhiteTeam "SV Osram Berlin"]
[BlackTeam "Deutsche Post Bonn"]
[WhiteTeamCountry "GER"]
[BlackTeamCountry "GER"]

1. e4 Nf6 2. Nc3 e5 3. Nf3 Nc6 4. Bb5 Bb4 5. d3 Nd4 6. Ba4 b5 7. Bb3 d6 8. h3 c6 9. Be3 Nxb3 10. axb3 a5 11. O-O Bxc3 12. bxc3 h6 13. Re1 Be6 14. d4 exd4 15. Bxd4 O-O 16. Bxf6 Qxf6 17. Qd4 Qxd4 18. cxd4 Bd7 19. d5 cxd5 20. exd5 Rfe8 21. Rxe8+ Bxe8 22. Nd4 Bd7 23. Kf1 a4 24. b4 Rc8 25. Ra3 Rc4 26. c3 g6 27. Ke2 Kg7 28. Ke3 Kf6 29. h4 Ke5 30. f4+ Kxd5 31. Kd3 Rc8 32. Ra1 Bf5+ 33. Kd2 Kc4 34. Re1 Rc7 35. Re8 Ra7 36. Nc6 a3 37. Nxa7 a2 38. Nxb5 a1=Q 39. Nxd6+ Kb3 40. Nxf5 Qxc3+ 41. Ke2 Qc2+ 42. Ke3 Qxf5 43. Re5 Qg4 44. b5 Qxg2 45. Kd4 Qf2+ 46. Ke4 f5+ 0-1

[Event "XXII. DBMM Schach"]
[Site "Dresden"]
[Date "2024.01.20"]
[Round "5.3"]
[Board "3"]
[White "Lorenz, Roger"]
[Black "Lanzendoerfer, Johannes"]
[Result "0-1"]
[WhiteElo "2152"]
[BlackElo "2207"]
[Annotator "br"]
[PlyCount "62"]
[GameId "489223827988"]
[EventDate "2024.01.18"]
[EventType "team-swiss"]
[EventRounds "7"]
[EventCountry "GER"]
[Tiebreak "Buchholz"]
[SourceTitle "XXII. DBMM Schach"]
[Source "FV Schach e.V."]
[SourceDate "2024.01.21"]
[SourceVersion "1"]
[SourceVersionDate "2024.01.21"]
[SourceQuality "1"]
[WhiteTeam "Deutsche Post Bonn"]
[BlackTeam "SV Osram Berlin"]
[WhiteTeamCountry "GER"]
[BlackTeamCountry "GER"]

1. d4 Nf6 2. c4 d6 3. Nf3 Nbd7 4. Nc3 e5 5. e4 Be7 6. Be2 O-O 7. O-O c6 8. Be3 Ng4 9. Bd2 a6 10. d5 cxd5 11. cxd5 b5 12. b4 Nb6 13. Qb3 Bd7 14. h3 Nf6 15. Rfc1 Qb8 16. Be3 Qb7 17. Nd2 Rac8 18. Qb2 Bd8 19. f3 Nh5 20. Bf1 Nf4 21. Kh2 f5 22. g3 Ng6 23. Bg1 Bg5 24. Rc2 Bxd2 25. Rxd2 Nc4 26. Bxc4 Rxc4 27. Rd3 h5 28. Re1 Rfc8 29. Re2 Qc7 30. Nd1 h4 31. gxh4 Nf4 0-1

[Event "XXII. DBMM Schach"]
[Site "Dresden"]
[Date "2024.01.20"]
[Round "5.4"]
[Board "4"]
[White "Gebert Vangeel, Ralf"]
[Black "Dehmel, Jens"]
[Result "1-0"]
[WhiteElo "2007"]
[BlackElo "1964"]
[Annotator "br"]
[PlyCount "49"]
[GameId "489223827989"]
[EventDate "2024.01.18"]
[EventType "team-swiss"]
[EventRounds "7"]
[EventCountry "GER"]
[Tiebreak "Buchholz"]
[SourceTitle "XXII. DBMM Schach"]
[Source "FV Schach e.V."]
[SourceDate "2024.01.21"]
[SourceVersion "1"]
[SourceVersionDate "2024.01.21"]
[SourceQuality "1"]
[WhiteTeam "SV Osram Berlin"]
[BlackTeam "Deutsche Post Bonn"]
[WhiteTeamCountry "GER"]
[BlackTeamCountry "GER"]

1. e4 e5 2. Nf3 Nc6 3. Bc4 Bc5 4. c3 Nf6 5. d3 d6 6. O-O O-O 7. a4 a5 8. Re1 Ba7 9. Nbd2 Ne7 10. Nf1 Ng6 11. Be3 Bxe3 12. fxe3 d5 13. exd5 Nxd5 14. Ng3 Be6 15. Ne4 c6 16. Nfg5 Bf5 17. Nxh7 Kxh7 18. Qh5+ Kg8 19. Qxf5 Qb6 20. Qh3 Qxb2 21. Rab1 Qc2 22. Bxd5 cxd5 23. Ng5 Rfb8 24. Qh7+ Kf8 25. Rf1 1-0